| 000 | 00631cab a2200241 4500 | ||
|---|---|---|---|
| 001 | X163 | ||
| 008 | 090401t1992 xxu||||| |||| 00| 0 eng d | ||
| 035 | _a(Sirsi) u64213 | ||
| 041 | _aeng | ||
| 100 | _aTyler, M. | ||
| 245 | _aLegionnaires` disease: new legal duties | ||
| 260 | _c1992 | ||
| 350 | _a0 | ||
| 490 |
_aProperty Management _v10(2) Spring 1992, 118-124(4) |
||
| 650 | _aAPPROVED CODE OF PRACTICE | ||
| 650 | _aCODE OF PRACTICE | ||
| 650 | _aCOOLING SYSTEMS | ||
| 650 |
_aHEALTH AND SAFETY _96244 |
||
| 650 | _aVENTILATION | ||
| 690 | _aCOMMERCIAL PROPERTY-MANAGEMENT | ||
| 942 | _n0 | ||
| 948 | _c04/03/1997 | ||
| 999 |
_c39978 _d39978 |
||